Central Library OPAC University of Rajshahi

Hegel's Philosophy of right / (Record no. 30589)

MARC details
000 -LEADER
fixed length control field 01002cam a2200313u 4500
001 - CONTROL NUMBER
control field 30589
003 - CONTROL NUMBER IDENTIFIER
rucl marc code BD-RjUL
005 - DATE AND TIME OF LATEST TRANSACTION
control field 20211209051603.0
008 - FIXED-LENGTH DATA ELEMENTS--GENERAL INFORMATION
fixed length control field 140410s1953 enk 001 0 eng d
035 ## - SYSTEM CONTROL NUMBER
System control number (BD-RjUL)
040 ## - CATALOGING SOURCE
Original cataloging agency DLC
Transcribing agency CarP
Modifying agency DLC
-- BD-RjUL
Language of cataloging eng
041 ## - LANGUAGE CODE
Language code of text/sound track or separate title eng
082 ## - DEWEY DECIMAL CLASSIFICATION NUMBER
Classification number 340.1
Author mark and year HEH 1953
100 1# - MAIN ENTRY--PERSONAL NAME
Personal name Hegel, Georg Wilhelm Friedrich,
Dates associated with a name 1770-1831.
9 (RLIN) 51347
245 00 - TITLE STATEMENT
Title Hegel's Philosophy of right /
Statement of responsibility, etc. Georg Wilhelm Friedrich Hegel
260 ## - PUBLICATION, DISTRIBUTION, ETC. (IMPRINT)
Place of publication, distribution, etc. Oxford :
Name of publisher, distributor, etc. The Clarendon press,
Date of publication, distribution, etc. 1953.
300 ## - PHYSICAL DESCRIPTION
Pagination xvi, 382 p., 1 l. ;
Size 23 cm.
504 ## - BIBLIOGRAPHY, ETC. NOTE
Bibliography, etc Includes Index
650 #0 - SUBJECT ADDED ENTRY--TOPICAL TERM
Topical term or geographic name as entry element Law
General subdivision Philosophy.
9 (RLIN) 92932
Topical term or geographic name as entry element Political science.
9 (RLIN) 92933
Topical term or geographic name as entry element Natural law.
9 (RLIN) 4252
Topical term or geographic name as entry element Ethics.
9 (RLIN) 92934
700 1# - ADDED ENTRY--PERSONAL NAME
Personal name Knox, T. M.
Fuller form of name (Thomas Malcolm),
Dates associated with a name 1900-1980,
Relator term tr.
942 ## - ADDED ENTRY ELEMENTS (KOHA)
Source of classification or shelving scheme Dewey Decimal Classification
Koha item type Books
Holdings
Lost status Source of classification or shelving scheme Damaged status Not for loan Collection code Permanent Location Current Location Shelving location Date acquired Source of acquisition Cost, normal purchase price Total Checkouts Full call number Date last seen Copy number Koha item type
  Dewey Decimal Classification     Non-fiction Central Library, University of Rajshahi Central Library, University of Rajshahi   06/08/1955 O. U. P. 12.80   340.1 HEH 1953 10/04/2014 C-2 Books
  Dewey Decimal Classification     Non-fiction Central Library, University of Rajshahi Central Library, University of Rajshahi   01/01/1965 Zeitlinger 30.00   340.1 HEH 1962 10/04/2014 C-3 Books
  Dewey Decimal Classification     Non-fiction Central Library, University of Rajshahi Central Library, University of Rajshahi   08/02/1963 Zeitlinger 30.00   340.1 HEH 1958 10/04/2014 C-4 Books
  Dewey Decimal Classification   Not For Loan Non-fiction Central Library, University of Rajshahi Central Library, University of Rajshahi Reading Room 14/11/1957 Oxford University Press 22.00   340.1 HEH 1953 12/04/2014 C-1 Books
  Dewey Decimal Classification     Non-fiction Central Library, University of Rajshahi Central Library, University of Rajshahi   29/11/1975 Gonathan Wren & Co. 1.00   340.1 HEH 1971 13/04/2014 C-5 Books
  Dewey Decimal Classification     Non-fiction Central Library, University of Rajshahi Central Library, University of Rajshahi   29/11/1975 Gonathan Wren & Co. 1.00   340.1 HEH 1971 13/04/2014 C-10 Books
  Dewey Decimal Classification     Non-fiction Central Library, University of Rajshahi Central Library, University of Rajshahi   29/11/1975 JONATHAN & CO. 1.00   340.1 HEH 1973 13/04/2014 C-6 Books
  Dewey Decimal Classification     Non-fiction Central Library, University of Rajshahi Central Library, University of Rajshahi   29/11/1975 JONATHAN & CO. 1.00   340.1 HEH 1973 13/04/2014 C-7 Books
  Dewey Decimal Classification     Non-fiction Central Library, University of Rajshahi Central Library, University of Rajshahi   29/11/1975 JONATHAN & CO. 1.00   340.1 HEH 1973 13/04/2014 C-8 Books
  Dewey Decimal Classification     Non-fiction Central Library, University of Rajshahi Central Library, University of Rajshahi   29/11/1975 JONATHAN & CO. 1.00   340.1 HEH 1973 13/04/2014 C-9 Books